Les buteurs français à la Coupe du Monde de la FIFA - Mort subite - Statistiques

Statistiques générales
  • Ce quiz a été pris 2 136 fois
  • Le résultat moyen est 8 sur 20
Answers on the Grid
Answers color-coded by a green-red scale on the quiz's grid according to % correct below.
Pogba
Anelka
Sissoko
Sagnol
Benzema
D. Cissé
Giroud
Valbuena
Gourcuff
Malouda
Nasri
Ribéry
Guendouzi
Vieira
Lizarazu
Kanté
Kolo Muani
Guivarc'h
Tolisso
Fekir
Evra
M. Thuram
Rabiot
Koscielny
L. Thuram
Matuidi
Petit
L. Hernandez
Tchouaméni
Govou
Wiltord
Mbappé
Micoud
Blanc
Djorkaeff
Coman
Dembélé
Griezmann
Trézéguet
Karembeu
 
Statistiques - réponses
Réponse % Correct
Pogba
93%
Giroud
70%
Benzema
66%
Griezmann
64%
Mbappé
64%
Ribéry
55%
L. Thuram
44%
Kolo Muani
43%
Petit
40%
Tchouaméni
38%
Trézéguet
35%
Blanc
33%
Valbuena
27%
Djorkaeff
26%
Vieira
23%
Rabiot
22%
Matuidi
20%
Lizarazu
18%
Malouda
18%
Sissoko
17%
Aucun quiz correspondant
Distribution des résultats
% des personnes avec chaque résultat
Percentile par nombre de réponses
Votre historique - résultats
Vous n’avez pas pris ce quiz